| 000 -ლიდერი |
| ფიქსირებული სიგრძის საკონტროლო ველი |
01184nam a22002177a 4500 |
| 003 - საკონტროლო ნომრის იდენტიფიკატორი |
| საკონტროლო ველი |
Ge_BSU |
| 005 - ბოლო ოპერაციის თარიღი და დრო |
| საკონტროლო ველი |
20221021145814.0 |
| 008 - ფიქსირებული სიგრძის მონაცემთა ელემენტები - ზოგადი ინფორმაცია |
| ფიქსირებული სიგრძის საკონტროლო ველი |
221021s1996 ge ||||| |||| 00| 0 geo d |
| 020 ## - წიგნის საერთაშორისო სტანდარტული ნომერი |
| International Standard Book Number |
5511006807 |
| 041 ## - ენის კოდი |
| Language code of text/sound track or separate title |
geo |
| 080 ## - უნივერსალური ათობითი კლასიფიკაციის ინდექსი |
| Universal Decimal Classification number |
2(100) + 21/29 ნ-16 |
| 100 ## - მთავარი ჩანაწერი - პიროვნების სახელი |
| Personal name |
ნადირაძე, ელდარ |
| 9 (RLIN) |
15454 |
| 245 ## - ცნობა სათაურის შესახებ |
| Title |
მსოფლიოს რელიგიები / |
| Statement of responsibility, etc |
ელდარ ნადირაძე; [რედ.: ვ. შამილაძე] ; თსუ, ეთნიკური კულტ. და ეროვნ. ტრადიციების შემსწ. ლაბორატორია. |
| 264 ## - წარმოების, გამოცემის, დისტრიბუციის და სხვა ცნობები |
| გამოცემის, წარმოების, დისტრიბუციის... ადგილი |
თბ. : |
| გამოცემის, წარმოების, დისტრიბუციის... სახელწოდება |
თბილ. უნ-ტის გამ-ბა, |
| გამოცემის, წარმოების, დისტრიბუციის... თარიღი |
1996. |
| 300 ## - ფიზიკური აღწერა |
| Extent |
248გვ. ; |
| Other physical details |
20სმ. |
| 504 ## - BIBLIOGRAPHY, ETC. NOTE |
| Bibliography, etc |
ბიბლიოგრ.: გვ. 244. |
| 653 ## - INDEX TERM--UNCONTROLLED |
| Uncontrolled term |
მსოფლიოს ხალხთა რელიგიები |
| 700 ## - ADDED ENTRY--PERSONAL NAME |
| Personal name |
შამილაძე, ვ. |
| Relator term |
რედაქტორი |
| 9 (RLIN) |
3471 |
| 700 ## - ADDED ENTRY--PERSONAL NAME |
| Personal name |
თსუ |
| Relator term |
ეთნიკური კულტ. და ეროვნ. ტრადიციების შემსწ. ლაბორატორია. |
| 9 (RLIN) |
125 |
| 942 ## - ADDED ENTRY ELEMENTS (KOHA) |
| Source of classification or shelving scheme |
|
| Koha item type |
წიგნი |